MARC

LEADER 00000nam0a2200000 4500
001 309926
005 20231101012745.0
035 |a (RuTPU)RU\TPU\book\335267 
035 |a RU\TPU\book\183769 
090 |a 309926 
100 |a 20151119d1954 m y0rusy50 ca 
101 0 |a rus 
102 |a RU 
105 |a a j 000zy 
200 1 |a Проведение горных выработок  |e учебник для втузов  |f Н. М. Покровский 
205 |a 4-е изд. 
210 |a Москва  |c Углетехиздат  |d 1954 
215 |a 832 с.  |c ил. 
610 1 |a горные выработки 
610 1 |a проведение 
610 1 |a буро-взрывные работы 
610 1 |a шпуры 
610 1 |a оборудование 
610 1 |a крепление 
610 1 |a проходческие работы 
610 1 |a организация работы 
610 1 |a породы 
610 1 |a выемка 
610 1 |a уборка 
610 1 |a шахты 
610 1 |a камеры 
610 1 |a проведение 
610 1 |a подготовительные работы 
610 1 |a вентиляция 
610 1 |a механизация 
610 1 |a подъем 
610 1 |a водоотлив 
610 1 |a учет 
610 1 |a приемка 
610 1 |a ремонт 
610 1 |a реконструкция 
610 1 |a учебники 
675 |a 622(075.8)  |v 3 
700 1 |a Покровский  |b Н. М.  |g Николай Михайлович 
801 1 |a RU  |b 63413507  |c 20091112 
801 2 |a RU  |b 63413507  |c 20151119  |g RCR 
942 |c BK